000 00423nam a22001577a 4500
020 _a9788192116129
082 _aH 323
_bVIN/M
100 _aVinod Narayanadas Bairagi
245 _aManavadhikar siddhant evam vyavahar/
_cby Vinod Narayanadas Bairagi
260 _aKanpur:
_bParaj Prakasan,
_c2011.
300 _a262p.
650 _aHuman Rights
650 _aPolitical Science
650 _aSocial Sciences
942 _cBK
999 _c63377
_d63377